000 01058nam a2200277 a 4500
005 20191224041603.0
008 140227s1998 ck abdofr|||| 000 0 spa d
020 _a9589595057
040 _aCO-BoIAVH
_cCO-BoIAVH
041 0 _aspa
044 _ack
082 0 4 _a384.5456
_bG57a
100 1 _aGónima, Leonardo
245 1 0 _aAplicación de imágenes de satélite al diagnóstico ambiental de un complejo lagunar estuarino tropical :
_bCiénaga grande de Santa Marta, Caribe colombiano
260 _aSanta Marta :
_bINVEMAR ,
_c1998.
300 _a56 páginas :
_bIlustraciones, mapas, gráficas, fotografías ;
_c27 x 21 cm.
504 _aIncluye referencia bibliográficas: páginas 53-55.
650 1 6 _aProcesamiento digital de imágenes
650 2 6 _aImágenes de satélite
650 2 6 _aHumedales
650 2 6 _aManejo ambiental
662 _aColombia
_cCiénaga Grande de Santa Marta (Caribe)
700 1 _aMancera Pineda, José Ernesto
700 1 _aBotero, Leonor
942 _cLIBRO
_2ddc
_01
999 _c1438
_d1438